JOURDA-DARDAUD, Anne, Le droit syndical et le droit de grève dans la fonction publique territoriale. Paris (France) : Editions du Papyrus (www.editions-papyrus.com), 2004. (Les mementos de la FPT), ISBN:2-87603-139-6. 14 € (notice n° 1632196)
[ vue normale ]
| 000 -LEADER | |
|---|---|
| fixed length control field | 00671cam a2200133 4500500 |
| 005 - DATE AND TIME OF LATEST TRANSACTION | |
| control field | 20260111112414.0 |
| 041 ## - LANGUAGE CODE | |
| Language code of text/sound track or separate title | fre |
| 042 ## - AUTHENTICATION CODE | |
| Authentication code | dc |
| 245 00 - TITLE STATEMENT | |
| Title | JOURDA-DARDAUD, Anne, Le droit syndical et le droit de grève dans la fonction publique territoriale. Paris (France) : Editions du Papyrus (www.editions-papyrus.com), 2004. (Les mementos de la FPT), ISBN:2-87603-139-6. 14 € |
| 260 ## - PUBLICATION, DISTRIBUTION, ETC. | |
| Date of publication, distribution, etc. | 2005.<br/> |
| 500 ## - GENERAL NOTE | |
| General note | 6 |
| 786 0# - DATA SOURCE ENTRY | |
| Note | Revue Internationale des Sciences Administratives | 71 | 1 | 2005-03-01 | p. 185l-190l | 0303-965X |
| 856 41 - ELECTRONIC LOCATION AND ACCESS | |
| Uniform Resource Identifier | <a href="https://droit.cairn.info/revue-internationale-des-sciences-administratives-2005-1-page-185l?lang=fr&redirect-ssocas=7080">https://droit.cairn.info/revue-internationale-des-sciences-administratives-2005-1-page-185l?lang=fr&redirect-ssocas=7080</a> |
Pas d'exemplaire disponible.




Réseaux sociaux